| 000 | 00396nam a2200181Ia 4500 | ||
|---|---|---|---|
| 005 | 20240823055157.0 | ||
| 008 | 240823s9999||||xx |||||||||||||| ||und|| | ||
| 041 | _aTAMIL | ||
| 082 | _A294.5514 P8 | ||
| 100 | _aMuturajan | ||
| 245 | 0 | _aIyanaar Vzhipadu | |
| 250 | _a1st | ||
| 260 |
_c2008 _bNal Nilam Pathi |
||
| 500 | _aYES | ||
| 650 |
_aTamil _bGeneral |
||
| 942 | _cBK | ||
| 999 |
_c228169 _d228169 |
||